000 00875nam a2200217 i 4500
001 106246
003 ES-MaACL
005 20231214203312.0
007 t|
008 061016s1991 sp ||||1| spa d
080 _a75 Momper, Jan de
100 1 _aDíaz Padrón, Matías,
_d1934-2022
_944376
245 1 0 _aTres nuevos lienzos de Jan de Momper en colecciones de Barcelona y Roma /
_cMatías Díaz Padrón.
260 _aValladolid :
_bUniversidad, Seminario de Estudios de Arte y Arqueología,
_c1991.
300 _a[4] p. :
_bil. ;
_c24 cm.
500 _aTirada aparte del "Boletín del Seminario de Estudios de Arte y Arqueología, tomo LVII, 1991.
600 1 4 _aMomper, Jan de.
_982085
710 2 _aUniversidad de Valladolid.
_bSeminario de Estudios de Arte y Arqueología.
_97347
852 _aES-MaACL
_j2206-F-31
_bR.138000
999 _c106246
_d106246